000 00572cam a22002053a 4500
001 38978
003 PGUSA
005 20140828083848.0
008 120225s2012||||xxu|||||s|||||000 | eng d
040 _aPGUSA
_beng
042 _adc
100 1 _aFinley, Martha,
_d1828-1909
245 1 0 _aMildred's New Daughter
_h[electronic resource] /
_cMartha Finley
260 _bProject Gutenberg,
_c2012
506 _aPublic domain in the USA.
516 _aElectronic text
830 0 _aProject Gutenberg
_v38978
856 4 0 _uhttp://www.gutenberg.org/ebooks/38978
942 _cEB
999 _c268231
_d268231